Suzerain Mega Quiz - Statistics

General Stats
  • This quiz has been taken 31 times
    30 since last reset
  • The average score is 46 of 83
Answer Stats
Answer % Correct
Arcasia
96%
Lespia
96%
Rizia
96%
Sordland
96%
Protagonist Anton Rayne
92%
Rumburg
92%
Wehlen
92%
Agnolia
88%
Vice President Petr Vectern
88%
Valgsland
88%
Pales
85%
Derdia
81%
Wife Monica
81%
Cousin Rico
81%
Protagonist Romus Toras
81%
Son Franc
77%
Morella
77%
Sordish President (1929 - 1949) Tarquin Soll
77%
United Contana
77%
Daughter Vina
77%
Daughter Deana
73%
Sordish President (1949 - 1954) Ewald Alphonso
73%
Uncle Hugo
73%
Minister of Defense and Security Iosef Lancea
69%
Chief Strategist Lucian Galade
69%
Speaker of the Grand National Assembly Gloria Tory
65%
Minister of Agriculture and Rural Development Gus Manger
65%
Minister of Interior Lileas Graf
65%
Rizian King (1918-1950) Valero
65%
Oligarch, Spokesperson of the Lotherberg Group Walter Tusk
65%
Leader of the USP's reformist wing Albin Clavin
62%
Sordish President (1923 - 2927) Artor Sanaco Wisci
62%
Minister of Foreign Affairs and Trade Deivid Wisci
62%
Kyrute
62%
Chief Justice of the Supreme Court Orso Hawker
62%
Leader of the NFP Kesaro Kibener
58%
Late Wife Lena
58%
War and Security Councilor, Love Interest Lucita Azaro
58%
Oligarch, Chairman of HOS Marcel Koronti
58%
Minister of Jusice and Law Nia Morgna
58%
Minister of Economy, Commerce and Energy Symon Holl
58%
Wiktor Smolak
58%
Mother Estela
54%
Free Cities
54%
Leader of the RPP Manus Sazon
54%
Qinal
54%
Dwight Walker
50%
Galmland
50%
Secretary Livia Suno
50%
Rizian Queen (1860-1918) Lyza
50%
Nurity
50%
Golcondism
46%
Associate Justice of the Supreme Court Heron Garaci
46%
Leon "Malenyev" Chavatangakwunua
46%
Religious Councilor Sal Ignacius
42%
Minister of Education, Technology and Research Ciara Walda
38%
Dastnurity
38%
Emmerich Hegel
38%
Associate Justice of the Supreme Court Isabel Edmonds
38%
Patricio Alvarez
38%
Driver Serge Wolkner
38%
Wruhecism
38%
Beatrice Livingston
35%
Doggy Bruno
35%
Relative Hubertus
35%
Minister of Health, Social Affairs and Labour Paskal Beniwoll
35%
Alma Saltana
31%
Treasury and Economy Councilor Elena Werner
31%
President of AN Ephraim Nines
31%
Policeman Karl Greiser
31%
Head Butler, love interest Pabel Adria
31%
Captain of the Golden Guard Titus Gordion
31%
Anraka
27%
Axel Reinhart
27%
Foreign Affairs Councilor Laurento Esquibel
27%
CEO of Rizian Royal Gold Rusty Montoro
27%
Agard
23%
Erdmarg
23%
Jorga Azmal
23%
Vendonesam
23%
Yarktralis
12%
Lasomby
8%
Leader of the PFJP Frens Recter
4%
No matching quizzes found
Score Distribution
Percent of People with Each Score
Percentile by Number Answered
Your Score History
You have not taken this quiz since the last reset